[Event "CZE-ch Betsys Online Blitz"]
[Site "Chess.com INT"]
[Date "2021.04.17"]
[Round "10"]
[White "Plchot, Miroslav"]
[Black "Handlovsky, Jachym"]
[Result "1/2-1/2"]
[WhiteElo "1937"]
[BlackElo "1268"]
[PlyCount "98"]
[EventDate "2021.04.17"]
[EventType "swiss (blitz)"]
[EventRounds "13"]
[EventCountry "CZE"]
[SourceTitle "CBM 201 Extra"]
[Source "ChessBase"]
[SourceDate "2021.05.31"]
[SourceVersion "1"]
[SourceVersionDate "2021.05.31"]
[SourceQuality "1"]

1. e4 c5 2. Nf3 d6 3. b3 Nf6 4. Nc3 g6 5. Bb2 Bg7 6. Rb1 0-0 7. Bc4 Nc6 8. 0-0 Bd7 9. h3 Rc8 10. Re1 a6 11. Nd5 b5 12. Bf1 Nh5 13. Bxg7 Nxg7 14. c4 b4 15. d4 cxd4 16. Nxd4 Nxd4 17. Qxd4 Ne6 18. Qd2 Bc6 19. Qxb4 Bxd5 20. exd5 Nd4 21. Qb7 Ra8 22. Qxe7 Qb6 23. Qe3 Rae8 24. Qc3 Nf5 25. Rxe8 Rxe8 26. Re1 Rxe1 27. Qxe1 Qd4 28. Qa5 Ng3 29. Qe1 Ne4 30. Qe3 Qe5 31. Bd3 Qa1+ 32. Kh2 f5 33. Bxe4 fxe4 34. Qxe4 Qxa2 35. Qe6+ Kg7 36. Qe3 a5 37. f3 a4 38. bxa4 Qxa4 39. Qe7+ Kg8 40. Qxd6 Qxc4 41. Qe6+ Kg7 42. Qe7+ Kg8 43. d6 Qf4+ 44. Kh1 Qc1+ 45. Kh2 Qf4+ 46. Kg1 Qc1+ 47. Kf2 Qd2+ 48. Kg3 Qg5+ 49. Kh2 Qf4+ 1/2-1/2

[Event "CZE-ch Betsys Online Blitz"]
[Site "Chess.com INT"]
[Date "2021.04.17"]
[Round "1"]
[White "Vykouk, Jan"]
[Black "Plchot, Miroslav"]
[Result "1-0"]
[WhiteElo "2442"]
[BlackElo "1937"]
[PlyCount "63"]
[EventDate "2021.04.17"]
[EventType "swiss (blitz)"]
[EventRounds "13"]
[EventCountry "CZE"]
[SourceTitle "CBM 201 Extra"]
[Source "ChessBase"]
[SourceDate "2021.05.31"]
[SourceVersion "1"]
[SourceVersionDate "2021.05.31"]
[SourceQuality "1"]

1. e4 c5 2. Nf3 Nc6 3. d4 cxd4 4. Nxd4 Nf6 5. Nc3 e5 6. Ndb5 d6 7. Bg5 a6 8. Na3 b5 9. Nd5 Qa5+ 10. Bd2 Qd8 11. Bg5 Qa5+ 12. c3 Nxe4 13. Qf3 Nxg5 14. Nf6+ gxf6 15. Qxc6+ Kd8 16. Qxa8 Qb6 17. 0-0-0 Kc7 18. h4 Bh6 19. Qd5 Be6 20. Qd3 Nh3+ 21. Kb1 Nxf2 22. Qf3 Nxh1 23. Qxf6 Bf8 24. Qxh8 Be7 25. Qxh7 Nf2 26. Rc1 Qe3 27. Qc2 Ne4 28. Ka1 Bf5 29. Bd3 Ng3 30. Bxf5 Nxf5 31. c4 Nd4 32. Qc3 1-0

[Event "Plzen op 5th"]
[Site "Plzen"]
[Date "2013.11.27"]
[Round "4"]
[White "Chudinovskih, Alexander N"]
[Black "Plchot, Miroslav"]
[Result "1-0"]
[WhiteElo "2334"]
[BlackElo "1875"]
[PlyCount "55"]
[EventDate "2013.11.24"]
[EventType "swiss"]
[EventRounds "7"]
[EventCountry "CZE"]
[SourceTitle "CBM 157 Extra"]
[Source "ChessBase"]
[SourceDate "2013.12.19"]
[SourceVersion "1"]
[SourceVersionDate "2013.12.19"]
[SourceQuality "1"]

1. d4 Nf6 2. Nf3 e6 3. g3 d5 4. Bg2 c5 5. c4 Nc6 6. cxd5 exd5 7. 0-0 Be7 8. b3 0-0 9. Bb2 Ne4 10. Nc3 Nxc3 11. Bxc3 Bf6 12. Rc1 cxd4 13. Nxd4 Nxd4 14. Bxd4 Bxd4 15. Qxd4 Be6 16. Rfd1 Qa5 17. a4 Rfd8 18. Rc5 Qa6 19. e4 b6 20. Rc7 Rac8 21. Rxc8 Rxc8 22. exd5 Bd7 23. d6 Qe2 24. Bf1 Qf3 25. Rd3 Qh5 26. Rc3 Re8 27. Rc7 Bh3 28. d7 1-0

[Event "Plzen op 5th"]
[Site "Plzen"]
[Date "2013.11.26"]
[Round "3"]
[White "Plchot, Miroslav"]
[Black "Thormann, Olaf"]
[Result "1-0"]
[WhiteElo "1875"]
[BlackElo "2013"]
[PlyCount "47"]
[EventDate "2013.11.24"]
[EventType "swiss"]
[EventRounds "7"]
[EventCountry "CZE"]
[SourceTitle "CBM 157 Extra"]
[Source "ChessBase"]
[SourceDate "2013.12.19"]
[SourceVersion "1"]
[SourceVersionDate "2013.12.19"]
[SourceQuality "1"]

1. d4 d5 2. Bf4 Nf6 3. Nf3 c6 4. Nc3 Bf5 5. e3 Qb6 6. Na4 Qa5+ 7. c3 e6 8. b4 Qd8 9. Bd3 Bxd3 10. Qxd3 a5 11. b5 Bd6 12. Bxd6 Qxd6 13. Nb6 Nbd7 14. Nxa8 0-0 15. 0-0 Rxa8 16. bxc6 Qxc6 17. Nd2 h5 18. c4 Qa6 19. Qb3 dxc4 20. Qxc4 b5 21. Qe2 Nd5 22. Qxh5 b4 23. Ne4 a4 24. Ng5 1-0

[Event "Ricany op"]
[Site "Ricany"]
[Date "2012.08.31"]
[Round "7"]
[White "Skvaril, Michal"]
[Black "Plchot, Miroslav"]
[Result "1-0"]
[WhiteElo "1728"]
[BlackElo "1914"]
[PlyCount "65"]
[EventDate "2012.08.26"]
[EventType "swiss"]
[EventRounds "9"]
[EventCountry "CZE"]
[SourceTitle "CBM 150 Extra"]
[Source "ChessBase"]
[SourceDate "2012.10.19"]
[SourceVersion "1"]
[SourceVersionDate "2012.10.19"]
[SourceQuality "1"]

1. e4 c5 2. Nf3 Nc6 3. d4 cxd4 4. Nxd4 Nf6 5. Nc3 e5 6. Ndb5 d6 7. Bg5 a6 8. Na3 b5 9. Nd5 Qa5+ 10. Bd2 Qd8 11. Bg5 Be7 12. Bxf6 Bxf6 13. Nxf6+ Qxf6 14. c3 Qg6 15. Qf3 0-0 16. Bd3 Ne7 17. 0-0 Bb7 18. Rae1 Rab8 19. Qg3 Qe6 20. c4 b4 21. Nc2 f5 22. f4 fxe4 23. Bxe4 Qxc4 24. Bxb7 Rxb7 25. Ne3 Qxa2 26. fxe5 Rd8 27. exd6 Ng6 28. Nf5 Qxb2 29. Ne7+ Kh8 30. Nxg6+ hxg6 31. Qh4+ Kg8 32. Qxd8+ Kh7 33. Qh4+ 1-0